| 000 | 00654nam a2200205Ia 4500 | ||
|---|---|---|---|
| 005 | 20250508165933.0 | ||
| 008 | 008 250505s9999 xx 000 0 eng d | ||
| 037 | _aTextual | ||
| 040 |
_aFEDL _beng _cFEDL |
||
| 041 |
_aeng _2eng |
||
| 084 |
_a372.73, CHO _qFEDL |
||
| 100 | _aChomsky Noam | ||
| 245 | 0 | _aHegemony or survival: America's quest for global dominance | |
| 260 |
_aAustralia _bAllen and Unwin _c1968 |
||
| 300 | _a300p. | ||
| 365 |
_aINR _b395 |
||
| 546 | _aGifted by HOD Namita Ranaganathan in memory of Prof. Arvind Gaysu; First South Asian edition, 2007 | ||
| 942 |
_cTEXL _h372.73, CHO |
||
| 999 |
_c1398290 _d1398290 |
||